| 000 | 00657nam a2200229Ia 4500 | ||
|---|---|---|---|
| 001 | dia_2281 | ||
| 003 | CHAP | ||
| 005 | 20251021154117.0 | ||
| 008 | 220117s1976 xx 000 0 und d | ||
| 010 | _a172801 | ||
| 040 | _cCHAP | ||
| 082 | _a641.53 M3 | ||
| 100 |
_aMatz, Samuel A. _973124 |
||
| 245 |
_aSnack Food Technology / _c by Samuel A. Matz |
||
| 260 |
_aWestport, Connecticut : _b Avi, _c1976 |
||
| 300 | _a349 p. | ||
| 600 |
_a1.Frituras/ 2.Alimentos-tecnologĂa/ 3.Alimentos-industria. i.t. _9152514 |
||
| 901 | _a641.53 M3 | ||
| 902 | _aM | ||
| 905 | _a0000001976 WESA 0000000000ING00 | ||
| 942 |
_cLIBRO _2ddc |
||
| 999 |
_c172801 _d172801 |
||